Władysław Zamoyski w Paryżu w latach I wojny światowej

Titel: Władysław Zamoyski w Paryżu w latach I wojny światowej
Verfasser:
In: Władysław Zamoyski, (2003), Seite 181-198
alle Artikel anzeigen
Veröffentlicht: 2003
Format: Aufsatz
Sprache: Polnisch
Schlagworte:
Kein Bild verfügbar
X
alg: 39234748
001A    $01999:11-11-16 
001B    $03025:02-12-25 $t10:49:09.000 
001D    $01999:11-11-16 
001U    $0utf8 
001X    $00 
002@    $0Aox 
003@    $0392347482 
007A    $0392347482 $aHEB 
007T    $0Herdnn005007 
009P    $A2 $3zusätzliche Angaben $uhttp://www.wbc.poznan.pl/dlibra/docmetadata?id=21777&from=&dirids=1&ver%5Fid=1695872&lp=5&QI=A22FABE75D282CE27434E7D4A9A2A69E-15 
010@    $apol 
011@    $a2003 
021A    $aWładysław Zamoyski w Paryżu w latach I wojny światowej 
028A    $#Sierpowski, Stanisław Kazimierz $7119299186 $8Sierpowski, Stanisław$Z1942- [Tp1] $9087639033 
031A    $h181-198 $j2003 
039B    $aIn $8--Aau--. Władysław Zamoyski. - Kórnik-Zakopane : Biblioteka Kórnicka PAN, 2003. - 399 S.. - Ill.. - ISBN 83-85213-41-4 $x200300000000000819 $9126346011 
044K    $RWoiwodschaft Großpolen $RPowiat Poznański $#Kórnik $#Burgstadt $74110425-0 $8Kurnik [Tg1] $9085327603 
044K    $7128798610 $8Zamoyski, Władysław$Z1853-1924 [Tp1] $9119301296 
044K    $#Paris $#Lutetia $#Lutecia $#Lutetia Parisiorum $#Parisia $#Pa-li $#Ville de Paris $#P'ariz $#Paryžius $#Paříž $#Bārīs $#Bali Paris $#Pariž $#Parigi $#Parijs $#Lutitia $#Parisius $#Lutèce $#Commune de Paris $#Parisii $#Parrhisius $#Loticia Parisiorum $#Ville de Paris $#Lutetia $74044660-8 $8Paris [Tg1] $9085125393 
045F    $a929.09438 $eDDC23BSB 
045F/01 $a929 
045F/03 $g438 
045F/03 $g43849 

lok: 39234748 78

exp: 39234748 78 1 #EPN
201B/01 $026-04-19 $t22:37:59.000 
201U/01 $0utf8 
203@/01 $078844493X 
208@/01 $a11-11-16 $be 
209A/01 $a/ $f000 $x00 
220C/01 $aTitelaufnehmer: BN 
220C/01 $aHerkunft: WBP Poznań 
244Z/01 $2Trx $#Großpolen $#Greater Poland $#Velkopolsko $8--Trx--Wielkopolska $x01 $9391277227 
244Z/01 $2Trx $#Poola $#Lenkija $#Polija $#Polen Land $#Poland $#Lengyelország $#Poľsko $#Polsko $8--Trx--Polska$gkraj $x02 $9391345966 
244Z/01 $#Kórnik $#Burgstadt $74110425-0 $8--Tg1--Kurnik $x03 $9085327603 
244Z/01 $#Paris $#Lutetia $#Lutecia $#Lutetia Parisiorum $#Parisia $#Pa-li $#Ville de Paris $#P'ariz $#Paryžius $#Paříž $#Bārīs $#Bali Paris $#Pariž $#Parigi $#Parijs $#Lutitia $#Parisius $#Lutèce $#Commune de Paris $#Parisii $#Parrhisius $#Loticia Parisiorum $#Ville de Paris $#Lutetia $74044660-8 $8--Tg1--Paris $x04 $9085125393 
244Z/01 $7128798610 $8--Tp1--Zamoyski, Władysław$Z1853-1924 $x05 $9119301296 
244Z/01 $2Trx $#aadel Poola $#Lenkijos bajorai $#gentry Poland $#nemesség Lengyelország $#szlachta Polska $#šľachta Poľsko $#šlechta Polsko $8--Trx--Adel$gPolen $x06 $9391356984 
244Z/01 $2Trx $8--Trx--Zeitschriftenaufsatz $x07 $9391384341 
244Z/01 $2Trx $8--Trx--elektronische Ressource $x08 $939138452X 
245Z/01 $a12.03 $x01 
247C/01 $82080>Marburg/Lahn, Herder-Institut, Forschungsbibliothek, Bibliographieportal $9336309341
LEADER 00000caa a22000002c 4500
001 392347482
003 DE-603
005 20251202104909.0
007 tu
008 161111s2003 xx |||| | u00||u|pol c
035 |a (DE-599)HEB392347482 
040 |a DE-603  |b ger  |c DE-603  |d DE-603 
041 |a pol 
082 0 4 |8 1\u  |a 929.09438  |q DE-101  |2 23/BSB 
085 |8 1\u  |b 929 
085 |8 1\u  |z 2  |s 438 
085 |8 1\u  |z 2  |s 43849 
100 1 |a Sierpowski, Stanisław  |d 1942-  |0 (DE-603)087639033  |0 (DE-588)119299186  |2 gnd 
245 0 0 |a Władysław Zamoyski w Paryżu w latach I wojny światowej 
264 0 |c 2003 
600 1 7 |a Zamoyski, Władysław  |d 1853-1924  |0 (DE-588)128798610  |0 (DE-603)119301296  |2 gnd 
651 7 |a Kurnik  |0 (DE-588)4110425-0  |0 (DE-603)085327603  |2 gnd 
651 7 |a Paris  |0 (DE-588)4044660-8  |0 (DE-603)085125393  |2 gnd 
773 0 8 |i In  |t Władysław Zamoyski  |d Kórnik-Zakopane : Biblioteka Kórnicka PAN, 2003  |h 399 S., Ill.  |z 8385213414  |g (2003), Seite 181-198  |w (DE-603)126346011 
856 4 2 |u http://www.wbc.poznan.pl/dlibra/docmetadata?id=21777&from=&dirids=1&ver%5Fid=1695872&lp=5&QI=A22FABE75D282CE27434E7D4A9A2A69E-15  |3 zusätzliche Angaben 
924 0 |9 2080  |a (DE-603)78844493X  |b DE-2080  |c HES  |d d  |g /